UBT Library

A PRIMER OF DRUG ACTION (Record no. 58985)

000 -LEADER
fixed length control field 00331nam a22001457a 4500
008 - FIXED-LENGTH DATA ELEMENTS--GENERAL INFORMATION
fixed length control field 221121b ||||| |||| 00| 0 eng d
020 ## - INTERNATIONAL STANDARD BOOK NUMBER
International Standard Book Number 0716712881
041 ## - LANGUAGE CODE
Language code of text/sound track or separate title eng
080 ## - UNIVERSAL DECIMAL CLASSIFICATION NUMBER
Edition identifier THIRD EDITION
Universal Decimal Classification number 615
082 ## - DEWEY DECIMAL CLASSIFICATION NUMBER
Classification number 615 JUL
100 ## - Rafti
Rafti 13
101 ## - Shkurtesa
Shkurtesa FARM
245 ## - TITLE STATEMENT
Title A PRIMER OF DRUG ACTION
Statement of responsibility, etc JULIEN M .R
942 ## - ADDED ENTRY ELEMENTS (KOHA)
Source of classification or shelving scheme
Item type Books
Holdings
Withdrawn status Lost status Source of classification or shelving scheme Damaged status Not for loan Collection code Permanent location Current location Date acquired Total Checkouts Full call number Barcode Date last seen Price effective from Koha item type
          Koleksioni i përgjithshem UBT - Lipjan UBT - Lipjan 11/21/2022   615 JUL 002-800028700260792 11/21/2022 11/21/2022 Books
UBT Library © 2015-2024. All rights reserved University Education for Business and Technology